000
00291nam a22001337a 4500
008
171006b xxu||||| |||| 00| 0 eng d
020
_a
2900470073871
041
_a
eng
080
_a
159.9
100
_a
48
101
_a
PSI
245
_a
ABNORMAL PSYCHOLOGY
_c
HANSELL, J
942
_2
udc
_c
BK
999
_c
32156
_d
32156